La réponse est... une marque. - Statistiques

Statistiques générales
  • Ce quiz a été pris 1 278 fois
  • Le résultat moyen est 10 sur 15
Statistiques - réponses
Question Réponse % Correct
Pomme en Anglais. Apple
97%
Permet de grossir l'image sur un écran par exemple. Zoom
93%
Chat en Anglais. Cat
92%
Couleur obtenu en mélangeant du jaune et du rouge. Orange
89%
Discipline d'athlétisme comprenant 10 épreuves. Décathlon
88%
4ème planète en partant du soleil. Mars
85%
Enfants en Allemand. Kinder
83%
Se dit familièrement pour quelqu'un de beau ou peut être utilisé pour tirer des boulets. Canon
64%
Prénom de la chanteuse Suédoise nommée Larsson. Zara
52%
Mammifère carnivore, aussi appelé lion de montagne ou cougar au Canada. Puma
49%
Les ronds points en sont des giratoires. Carrefour
47%
Très petit. Mini
46%
Déesse de la victoire dans la mythologie Grec. Nike
38%
Célèbre œuvre du peintre Johannes Vermeer. La Laitière
27%
Interprète du tube "The rythm of the night" en 1995. Corona
13%
Aucun quiz correspondant
Distribution des résultats
% des personnes avec chaque résultat
Percentile par nombre de réponses
Votre historique - résultats
Vous n’avez pas pris ce quiz